Theory of gravitational interactions (Record no. 1211344)

MARC details
000 -LEADER
fixed length control field 01052nam a2200325Ia 4500
003 - CONTROL NUMBER IDENTIFIER
control field OSt
005 - DATE AND TIME OF LATEST TRANSACTION
control field 20221007123056.0
008 - FIXED-LENGTH DATA ELEMENTS--GENERAL INFORMATION
fixed length control field 221006b |||||||| |||| 00| 0 eng d
020 ## - INTERNATIONAL STANDARD BOOK NUMBER
International Standard Book Number 9783319496818 (hbk)
037 ## - SOURCE OF ACQUISITION
Terms of availability Textual
040 ## - CATALOGING SOURCE
Original cataloging agency PAPL
Transcribing agency PAPL
Language of cataloging eng
041 ## - LANGUAGE CODE
Source of code eng
Language code of text/sound track or separate title eng
100 ## - MAIN ENTRY--PERSONAL NAME
Personal name Gasperini Maurizio
9 (RLIN) 713623
245 #0 - TITLE STATEMENT
Title Theory of gravitational interactions
250 ## - EDITION STATEMENT
Edition statement 2
260 ## - PUBLICATION, DISTRIBUTION, ETC.
Place of publication, distribution, etc. Switzerland
Name of publisher, distributor, etc. Springer
Date of publication, distribution, etc. 2017
300 ## - PHYSICAL DESCRIPTION
Extent xvii,373p. ill.
Dimensions cm.
500 ## - GENERAL NOTE
General note Appendix A-B, 303-365p.; References 365-368p.; Index 369-373p.
650 ## - SUBJECT ADDED ENTRY--TOPICAL TERM
Topical term or geographic name entry element Gravitational waves
9 (RLIN) 715037
650 ## - SUBJECT ADDED ENTRY--TOPICAL TERM
Topical term or geographic name entry element Kasner solution
9 (RLIN) 716342
650 ## - SUBJECT ADDED ENTRY--TOPICAL TERM
Topical term or geographic name entry element Relativistic theory of gravity
9 (RLIN) 716343
650 ## - SUBJECT ADDED ENTRY--TOPICAL TERM
Topical term or geographic name entry element Tensor calculus
9 (RLIN) 716344
650 ## - SUBJECT ADDED ENTRY--TOPICAL TERM
Topical term or geographic name entry element Physics
942 ## - ADDED ENTRY ELEMENTS (KOHA)
Classification part CK85, Q7 Carpa
Koha item type Textual
Source of classification or shelving scheme Colon Classification (CC)
Holdings
Withdrawn status Lost status Source of classification or shelving scheme Damaged status Not for loan Home library Current library Date acquired Source of acquisition Total Checkouts Full call number Barcode Date last seen Price effective from Koha item type
    Colon Classification (CC)     Department of Physics and Astrophysics Library Department of Physics and Astrophysics Library 2022-10-07 119, 27/02/2018, Aviva Books Company   CK85 Q7 Carpa PA0007454 2022-10-07 2022-10-07 Textual
Copyright @ Delhi University Library System